| 000 | 02081nam0a2200349 4500 | ||
|---|---|---|---|
| 001 | RU\NLR\bibl\1799853 | ||
| 005 | 20260406043213.0 | ||
| 035 | _a(NLR Aleph) 001790524 | ||
| 090 |
_a1754415 _c1754415 |
||
| 100 | _a20110818d2010 |||y0rusy50 ca | ||
| 101 | 0 | _arus | |
| 102 | _aRU | ||
| 105 | _ay ||||||||| | ||
| 200 | 1 |
_aПрофилактика ВИЧ-СПИДа и другой гематогенно-передающейся вирусной инфекции в хирургических стационарах _eучебное пособие _fВ.П. Акимов, А.Е. Борисов, С.Ш. Алиджанова |
|
| 210 |
_aСанкт-Петербург _cИзд-во СПбМАПО _d2010 |
||
| 215 |
_a23, [2] c. _d21 |
||
| 225 | 1 | _aПоследипломное медицинское образование | |
| 300 | _aНа обороте тит. л. авт.: Акимов В.П. - д.м.н., проф., Борисов А.Е. - д.м.н., проф. | ||
| 320 | _aБиблиогр. в конце кн. | ||
| 606 | 1 |
_aВнутрибольничные инфекции _jУчебные издания для последипломного образования _xПрофилактика в хирургии _91178202 _3RU\NLR\auth\66156064 |
|
| 606 | 1 |
_aВИЧ-инфекция _jУчебные издания для последипломного образования _xПрофилактика при хирургических операциях _92089466 _3RU\NLR\auth\661568409 |
|
| 686 | _aР190.159я77 | ||
| 686 | _aР194.87я77 | ||
| 700 | 1 |
_aАкимов _bВ. П. _gВладимир Павлович _4070 |
|
| 701 | 1 |
_4070 _7ca _8rus _aБорисов _bА. Е. _cд-р мед. наук _f1948-2012 _gАлександр Евгеньевич _9113301 _3RU\NLR\AUTH\773297 |
|
| 701 | 1 |
_4070 _7ca _8rus _aАлиджанова _bС. Ш. _gСевиль Шабановна _990306 _3RU\NLR\auth\77107381 |
|
| 801 | 0 |
_aRU _bNLR _c20110818 _gRCR |
|
| 801 | 1 |
_aRU _bNLR _c20110818 |
|
| 942 | _cBOOK | ||
| 980 | _aNB | ||